Stadt zu Land #14 - Statistiken

Allgemein
  • Dieses Quiz wurde 202 mal gespielt
  • Das Durchschnittsergebnis liegt bei 11 aus 15
Antwortstatistiken
Stadt Land % Korrekt
Bukarest Rumänien
98%
Seattle Vereinigte Staaten
98%
Bergen Norwegen
92%
Bristol Vereinigtes Königreich
89%
Lagos Nigeria
79%
Beaver Creek Kanada
78%
Clermont-Ferrand Frankreich
77%
Belo Horizonte Brasilien
76%
Karachi Pakistan
70%
Turku Finnland
69%
Belmopan Belize
62%
Billund Dänemark
59%
Banja Luka Bosnien und Herzegowina
58%
Bodrum Türkei
58%
Breda Niederlande
46%
Keine übereinstimmenden Quizze gefunden
Verteilung der Resultate
Anzahl Personen mit jedem Resultat
Perzentil nach korrekt beantworteten Fragen
Ihre Resultats-Entwicklung
Sie haben dieses Quiz noch nicht gespielt